00778nam a2200241Ia 450000500170000000800410001702000150005804100080007310000170008124500680009825000220016630000430018865000390023165000390027065000350030970000290034426400290037333600270040233700330042933800280046204000350049008400110052520220316235732.0121119s2009 ck a gr 000 j spa  a84847009841 aspa1 aLecaye, Olga13aEl ratoncito Pérez cOlga Lecaye ; traducción, Julia Vinent aPrimera edición a[34] páginas bilustraciones c23 cm14aCuentos infantiles franceses2LEMB14aLiteratura infantil francesa2LEMB14aRatones en la literatura2LEMB1 aVinent, Juliaetraductor aBarcelonabCorimboc2009 atextobtxt2rdacontent asin mediaciónbn2rdamedia avolumenbnc2rdacarrier aCO-BoRNBPbspaerdacCO-BoRNBP aC LEC2